[Event "22nd Ruzomberok Open 2019"]
[Site "Ruzomberok"]
[Date "2019.07.05"]
[Round "7.9"]
[White "Holly, Andrej"]
[Black "Sarkozy, Ladislav"]
[Result "1/2-1/2"]
[WhiteElo "2046"]
[BlackElo "2227"]
[Annotator "NA"]
[PlyCount "26"]
[EventDate "2019.06.29"]
[EventType "swiss"]
[EventCountry "SVK"]
[SourceTitle "playchess.com"]
[Source "ChessBase"]
[SourceQuality "1"]
[TimeControl "40/5400+30:1800+30"]

1. e4 {[%emt 0:00:00]} c5 {[%emt 0:00:00]} 2. Be2 {[%emt 0:00:04]} d6 {[%emt 0:02:30]} 3. f4 {[%emt 0:00:34]} Nf6 {[%emt 0:00:41]} 4. d3 {[%emt 0:00:42]} g6 {[%emt 0:00:33]} 5. Nf3 {[%emt 0:00:46]} Bg7 {[%emt 0:00:24]} 6. O-O {[%emt 0:01:08]} O-O {[%emt 0:00:33]} 7. c3 {[%emt 0:03:38]} Nc6 {[%emt 0:02:06]} 8. Qe1 {[%emt 0:03:52]} c4 {[%emt 0:03:44]} 9. Nbd2 {[%emt 0:09:21]} cxd3 {[%emt 0:01:21]} 10. Bxd3 {[%emt 0:00:03]} e5 {[%emt 0:07:28]} 11. fxe5 {[%emt 0:08:47]} dxe5 {[%emt 0:01:53]} 12. Bc2 {[%emt 0:00:44]} Nh5 {[%emt 0:02:43]} 13. Nc4 {[%emt 0:07:16]} Be6 1/2-1/2

[Event "22nd Ruzomberok Open 2019"]
[Site "Ruzomberok"]
[Date "2019.07.05"]
[Round "7.10"]
[White "Vacek, Ondrej"]
[Black "Bartek, Ladislav"]
[Result "1/2-1/2"]
[WhiteElo "2125"]
[BlackElo "2042"]
[Annotator "NA"]
[PlyCount "68"]
[EventDate "2019.06.29"]
[EventType "swiss"]
[EventCountry "SVK"]
[SourceTitle "playchess.com"]
[Source "ChessBase"]
[SourceQuality "1"]
[TimeControl "40/5400+30:1800+30"]

1. Nf3 {[%emt 0:00:00]} Nf6 {[%emt 0:00:00]} 2. c4 {[%emt 0:00:00]} g6 {[%emt 0:00:00]} 3. Nc3 {[%emt 0:00:00]} Bg7 {[%emt 0:00:00]} 4. e4 {[%emt 0:00:00]} d6 {[%emt 0:00:03]} 5. d4 {[%emt 0:00:00]} O-O {[%emt 0:00:10]} 6. Be2 {[%emt 0:00:02]} e5 {[%emt 0:00:07]} 7. Be3 {[%emt 0:00:08]} Nc6 {[%emt 0:01:57]} 8. d5 {[%emt 0:02:41]} Ne7 {[%emt 0:00:07]} 9. Nd2 {[%emt 0:00:13]} Nd7 {[%emt 0:00:40]} 10. Rc1 {[%emt 0:00:34]} f5 {[%emt 0:00:16]} 11. f3 {[%emt 0:00:06]} fxe4 {[%emt 0:00:45]} 12. fxe4 {[%emt 0:00:30]} c5 {[%emt 0:01:59]} 13. Nf3 {[%emt 0:08:13]} Nf6 {[%emt 0:02:30]} 14. Ng5 {[%emt 0:01:35]} h6 {[%emt 0:02:01]} 15. Ne6 {[%emt 0:00:19]} Bxe6 {[%emt 0:00:09]} 16. dxe6 {[%emt 0:00:04]} Nc6 {[%emt 0:01:39]} 17. O-O {[%emt 0:01:58]} Nd4 {[%emt 0:01:00]} 18. Nd5 {[%emt 0:02:32]} Nxe6 {[%emt 0:05:13]} 19. Nxf6+ {[%emt 0:02:15]} Rxf6 {[%emt 0:00:21]} 20. Qd5 {[%emt 0:00:37]} Kh7 {[%emt 0:00:39]} 21. Rxf6 {[%emt 0:03:48]} Qxf6 {[%emt 0:01:02]} 22. Qxb7 {[%emt 0:01:13]} Nf4 {[%emt 0:00:38]} 23. Bf3 {[%emt 0:04:59]} Rf8 {[%emt 0:02:12]} 24. Rd1 {[%emt 0:02:56]} Nh3+ {[%emt 0:00:35]} 25. Kh1 {[%emt 0:11:00]} Rf7 {[%emt 0:02:08]} 26. Qc8 {[%emt 0:01:59]} Ng5 {[%emt 0:00:49]} 27. Bxg5 {[%emt 0:03:08]} Qxg5 {[%emt 0:01:22]} 28. Qe6 {[%emt 0:04:09]} Rf6 {[%emt 0:01:23]} 29. Qd5 {[%emt 0:00:41]} Qe3 {[%emt 0:02:29]} 30. Qd3 {[%emt 0:01:01]} Qxd3 {[%emt 0:01:56]} 31. Rxd3 {[%emt 0:03:01]} h5 {[%emt 0:00:07]} 32. Kg1 {[%emt 0:02:29]} Bh6 {[%emt 0:00:09]} 33. h3 {[%emt 0:01:55]} Bc1 {[%emt 0:00:42]} 34. Rb3 {[%emt 0:02:59]} Rf7 1/2-1/2

[Event "22nd Ruzomberok Open 2019"]
[Site "Ruzomberok"]
[Date "2019.07.05"]
[Round "7.11"]
[White "Orvisky, Vladimir"]
[Black "Majerova, Veronika"]
[Result "1-0"]
[WhiteElo "1719"]
[BlackElo "1531"]
[Annotator "NA"]
[PlyCount "73"]
[EventDate "2019.06.29"]
[EventType "swiss"]
[EventCountry "SVK"]
[SourceTitle "playchess.com"]
[Source "ChessBase"]
[SourceQuality "1"]
[TimeControl "40/5400+30:1800+30"]

1. c4 {[%emt 0:00:00]} g6 {[%emt 0:00:08]} 2. Nc3 Bg7 {[%emt 0:00:31]} 3. d4 {[%emt 0:00:02]} d6 {[%emt 0:00:15]} 4. Nf3 {[%emt 0:00:00]} Nf6 {[%emt 0:00:19]} 5. e4 {[%emt 0:00:08]} O-O {[%emt 0:00:21]} 6. Be2 {[%emt 0:02:36]} e5 {[%emt 0:00:33]} 7. dxe5 {[%emt 0:00:38]} dxe5 {[%emt 0:00:42]} 8. Qxd8 {[%emt 0:00:27]} Rxd8 {[%emt 0:00:16]} 9. Bg5 {[%emt 0:08:33]} Re8 {[%emt 0:07:13]} 10. Rd1 {[%emt 0:05:08]} c6 {[%emt 0:05:45]} 11. O-O {[%emt 0:02:22]} Nbd7 {[%emt 0:01:27]} 12. Rd6 {[%emt 0:04:35]} h6 {[%emt 0:07:11]} 13. Bc1 {[%emt 0:05:17]} Nc5 {[%emt 0:01:43]} 14. Nd2 {[%emt 0:22:21]} a5 {[%emt 0:06:29]} 15. f3 {[%emt 0:00:43]} Nh5 {[%emt 0:03:20]} 16. Nb3 {[%emt 0:03:32]} Ne6 {[%emt 0:10:06]} 17. a4 {[%emt 0:06:24]} Nd4 {[%emt 0:09:09]} 18. Nxd4 {[%emt 0:00:42]} exd4 {[%emt 0:00:30]} 19. Nb1 {[%emt 0:02:14]} Be5 {[%emt 0:01:24]} 20. g4 {[%emt 0:00:03]} Ng7 {[%emt 0:04:37]} 21. c5 {[%emt 0:00:05]} Bxd6 {[%emt 0:01:35]} 22. cxd6 {[%emt 0:03:20]} Kh7 {[%emt 0:02:08]} 23. Bd3 {[%emt 0:03:40]} Bd7 {[%emt 0:04:54]} 24. Re1 {[%emt 0:01:29]} c5 {[%emt 0:01:56]} 25. b3 {[%emt 0:00:41]} Bc6 {[%emt 0:01:57]} 26. f4 {[%emt 0:02:31]} f6 {[%emt 0:09:18]} 27. Kf2 {[%emt 0:03:22]} Re6 {[%emt 0:04:25]} 28. e5 {[%emt 0:01:03]} fxe5 {[%emt 0:00:31]} 29. fxe5 {[%emt 0:01:24]} Rf8+ {[%emt 0:01:49]} 30. Kg1 {[%emt 0:03:39]} Bf3 {[%emt 0:04:28]} 31. Bc4 {[%emt 0:03:54]} Ree8 {[%emt 0:01:06]} 32. e6 {[%emt 0:03:05]} Bxg4 {[%emt 0:07:37]} 33. e7 {[%emt 0:11:24]} Rf6 {[%emt 0:00:18]} 34. Bf4 {[%emt 0:00:46]} Bd7 {[%emt 0:01:04]} 35. Be5 {[%emt 0:00:13]} Rf3 {[%emt 0:01:39]} 36. Bb5 {[%emt 0:00:02]} Bxb5 {[%emt 0:00:36]} 37. axb5 1-0

[Event "22nd Ruzomberok Open 2019"]
[Site "Ruzomberok"]
[Date "2019.07.05"]
[Round "7.12"]
[White "Bemak, Mikhail"]
[Black "Baleja, Marian"]
[Result "0-1"]
[WhiteElo "2102"]
[BlackElo "1951"]
[Annotator "NA"]
[PlyCount "162"]
[EventDate "2019.06.29"]
[EventType "swiss"]
[EventCountry "SVK"]
[SourceTitle "playchess.com"]
[Source "ChessBase"]
[SourceQuality "1"]
[TimeControl "40/5400+30:1800+30"]

1. d4 {[%emt 0:00:00]} d5 {[%emt 0:07:15]} 2. c4 {[%emt 0:00:00]} c6 {[%emt 0:00:48]} 3. Nf3 {[%emt 0:00:00]} Nf6 {[%emt 0:00:38]} 4. Nc3 {[%emt 0:00:05]} dxc4 {[%emt 0:01:12]} 5. a4 {[%emt 0:00:53]} Bf5 {[%emt 0:01:04]} 6. e3 {[%emt 0:00:22]} e6 {[%emt 0:00:49]} 7. Bxc4 {[%emt 0:00:20]} Bb4 {[%emt 0:01:16]} 8. O-O {[%emt 0:00:18]} O-O {[%emt 0:01:25]} 9. Qe2 {[%emt 0:00:29]} Nbd7 {[%emt 0:03:15]} 10. e4 {[%emt 0:09:12]} Bg6 {[%emt 0:09:18]} 11. e5 {[%emt 0:06:04]} Nd5 {[%emt 0:00:02]} 12. Nxd5 {[%emt 0:00:39]} cxd5 {[%emt 0:00:04]} 13. Bd3 {[%emt 0:00:29]} Bxd3 {[%emt 0:08:06]} 14. Qxd3 {[%emt 0:00:08]} Be7 {[%emt 0:00:08]} 15. Bd2 {[%emt 0:01:04]} Rc8 {[%emt 0:05:44]} 16. Rfc1 {[%emt 0:07:47]} Nb8 {[%emt 0:13:52]} 17. b4 {[%emt 0:05:15]} Rxc1+ {[%emt 0:10:48]} 18. Rxc1 {[%emt 0:00:26]} Nc6 {[%emt 0:00:38]} 19. Qb5 {[%emt 0:13:48]} Qd7 {[%emt 0:07:17]} 20. a5 {[%emt 0:03:51]} a6 {[%emt 0:05:30]} 21. Qa4 {[%emt 0:04:24]} Rd8 {[%emt 0:05:28]} 22. Qb3 {[%emt 0:07:35]} Na7 {[%emt 0:02:00]} 23. Ne1 {[%emt 0:07:38]} Rc8 {[%emt 0:01:39]} 24. Rxc8+ {[%emt 0:06:15]} Qxc8 {[%emt 0:00:06]} 25. Qc2 {[%emt 0:00:43]} Qxc2 {[%emt 0:04:22]} 26. Nxc2 {[%emt 0:00:02]} Nc6 {[%emt 0:00:04]} 27. Kf1 {[%emt 0:01:56]} f6 {[%emt 0:02:54]} 28. f4 {[%emt 0:01:27]} g5 {[%emt 0:00:41]} 29. g3 {[%emt 0:05:20]} Kf7 {[%emt 0:00:16]} 30. Ke2 {[%emt 0:00:55]} Kg6 {[%emt 0:01:02]} 31. Kf3 {[%emt 0:02:26]} gxf4 {[%emt 0:01:41]} 32. gxf4 {[%emt 0:00:33]} Kh5 {[%emt 0:01:24]} 33. Be1 {[%emt 0:02:33]} fxe5 {[%emt 0:01:19]} 34. dxe5 {[%emt 0:00:35]} Bh4 {[%emt 0:00:53]} 35. Bd2 {[%emt 0:08:12]} Bd8 {[%emt 0:00:14]} 36. Be1 {[%emt 0:00:08]} b6 {[%emt 0:00:15]} 37. axb6 {[%emt 0:00:41]} Bxb6 {[%emt 0:00:02]} 38. Bd2 {[%emt 0:01:49]} Kh4 {[%emt 0:03:50]} 39. Be1+ {[%emt 0:00:10]} Kh3 {[%emt 0:00:10]} 40. Bg3 {[%emt 0:00:36]} Nd4+ {[%emt 0:00:33]} 41. Nxd4 {[%emt 0:30:23]} Bxd4 {[%emt 0:30:01]} 42. f5 {[%emt 0:00:25]} Bc3 {[%emt 0:01:21]} 43. fxe6 {[%emt 0:03:46]} Bxb4 {[%emt 0:00:05]} 44. Be1 {[%emt 0:00:14]} Be7 {[%emt 0:00:00]} 45. Ba5 {[%emt 0:00:00]} Kh4 {[%emt 0:00:00]} 46. Kf4 {[%emt 0:00:00]} Kh5 {[%emt 0:00:00]} 47. Ke3 {[%emt 0:00:00]} Bc5+ {[%emt 0:00:00]} 48. Kd3 {[%emt 0:00:00]} Kg6 {[%emt 0:00:00]} 49. Bd8 {[%emt 0:00:00]} Kg7 {[%emt 0:00:00]} 50. Bc7 {[%emt 0:00:00]} Kg6 {[%emt 0:00:00]} 51. Bd6 {[%emt 0:00:00]} Bg1 {[%emt 0:00:00]} 52. h3 {[%emt 0:00:00]} Bb6 {[%emt 0:00:00]} 53. Kc3 {[%emt 0:00:00]} Kg7 {[%emt 0:00:00]} 54. Kb4 {[%emt 0:00:00]} Kg8 {[%emt 0:00:24]} 55. Ka4 {[%emt 0:01:54]} h5 {[%emt 0:00:04]} 56. Kb4 {[%emt 0:01:20]} Kg7 {[%emt 0:00:01]} 57. Kc3 {[%emt 0:00:44]} Kg6 {[%emt 0:00:29]} 58. Kd3 {[%emt 0:00:11]} Bg1 {[%emt 0:01:37]} 59. Ke2 {[%emt 0:00:19]} Bd4 {[%emt 0:00:12]} 60. Kf3 {[%emt 0:00:41]} a5 {[%emt 0:03:04]} 61. Kf4 {[%emt 0:02:20]} Bb2 {[%emt 0:00:30]} 62. Ke3 {[%emt 0:02:21]} a4 {[%emt 0:00:04]} 63. e7 {[%emt 0:00:03]} Kf7 {[%emt 0:00:05]} 64. e6+ {[%emt 0:00:01]} Ke8 {[%emt 0:00:04]} 65. Kd3 {[%emt 0:00:14]} Bf6 {[%emt 0:01:00]} 66. Ba3 {[%emt 0:01:03]} Bxe7 {[%emt 0:00:19]} 67. Bc1 {[%emt 0:00:00]} Bc5 {[%emt 0:00:18]} 68. Bg5 {[%emt 0:00:28]} a3 {[%emt 0:02:05]} 69. Kc2 {[%emt 0:00:08]} Bd4 {[%emt 0:00:32]} 70. Kb3 {[%emt 0:00:14]} Bb2 {[%emt 0:00:28]} 71. Kc2 {[%emt 0:02:46]} d4 {[%emt 0:02:46]} 72. Kb3 {[%emt 0:00:12]} d3 {[%emt 0:00:28]} 73. h4 {[%emt 0:00:30]} Kf8 {[%emt 0:00:34]} 74. e7+ {[%emt 0:00:47]} Kf7 {[%emt 0:00:15]} 75. Ka2 {[%emt 0:00:08]} Bf6 {[%emt 0:01:03]} 76. Bd2 {[%emt 0:00:19]} Bxe7 {[%emt 0:00:02]} 77. Kb3 {[%emt 0:00:05]} Ke6 {[%emt 0:00:13]} 78. Kc3 {[%emt 0:01:07]} Bxh4 {[%emt 0:00:31]} 79. Bc1 {[%emt 0:00:43]} Bf6+ {[%emt 0:01:08]} 80. Kb3 {[%emt 0:00:15]} Bb2 {[%emt 0:00:15]} 81. Bg5 {[%emt 0:01:06]} Kf5 {[%emt 0:00:05]} 0-1

[Event "22nd Ruzomberok Open 2019"]
[Site "Ruzomberok"]
[Date "2019.07.05"]
[Round "7.13"]
[White "Balogh, Peter"]
[Black "Janik, Miroslav"]
[Result "1-0"]
[WhiteElo "2037"]
[BlackElo "1889"]
[Annotator "NA"]
[PlyCount "58"]
[EventDate "2019.06.29"]
[EventType "swiss"]
[EventCountry "SVK"]
[SourceTitle "playchess.com"]
[Source "ChessBase"]
[SourceQuality "1"]
[TimeControl "40/5400+30:1800+30"]

1. e4 {[%emt 0:00:00]} c5 {[%emt 0:11:03]} 2. Nf3 {[%emt 0:00:03]} Nc6 {[%emt 0:01:46]} 3. Nc3 {[%emt 0:00:18]} g6 {[%emt 0:01:34]} 4. d4 {[%emt 0:00:17]} cxd4 {[%emt 0:00:13]} 5. Nxd4 {[%emt 0:00:06]} Bg7 {[%emt 0:00:19]} 6. Be3 {[%emt 0:00:11]} d6 {[%emt 0:00:42]} 7. Bc4 {[%emt 0:01:48]} Nf6 {[%emt 0:03:09]} 8. f3 {[%emt 0:00:37]} O-O {[%emt 0:00:34]} 9. Qd2 {[%emt 0:00:14]} Bd7 {[%emt 0:04:51]} 10. Bb3 {[%emt 0:00:10]} Na5 {[%emt 0:08:42]} 11. O-O-O {[%emt 0:01:42]} Rc8 {[%emt 0:01:12]} 12. Bh6 {[%emt 0:05:31]} Nc4 {[%emt 0:00:57]} 13. Bxc4 {[%emt 0:00:08]} Rxc4 {[%emt 0:00:12]} 14. Nce2 {[%emt 0:02:10]} Qb6 {[%emt 0:05:32]} 15. Bxg7 {[%emt 0:08:40]} Kxg7 {[%emt 0:00:12]} 16. g4 {[%emt 0:00:50]} Rfc8 {[%emt 0:02:20]} 17. c3 {[%emt 0:02:02]} Qa5 {[%emt 0:04:48]} 18. Kb1 {[%emt 0:01:31]} Be6 {[%emt 0:08:36]} 19. Nxe6+ {[%emt 0:07:06]} fxe6 {[%emt 0:00:14]} 20. h4 {[%emt 0:02:24]} Qe5 {[%emt 0:11:03]} 21. Nf4 {[%emt 0:06:08]} a5 {[%emt 0:08:24]} 22. h5 {[%emt 0:02:17]} g5 {[%emt 0:03:20]} 23. Nd3 {[%emt 0:01:59]} Qb5 {[%emt 0:03:09]} 24. e5 {[%emt 0:00:44]} Nd5 {[%emt 0:00:55]} 25. Qxg5+ {[%emt 0:03:02]} Kh8 {[%emt 0:00:36]} 26. Ka1 {[%emt 0:03:13]} a4 {[%emt 0:06:41]} 27. exd6 {[%emt 0:04:00]} exd6 {[%emt 0:01:32]} 28. Ne5 {[%emt 0:05:45]} Qe8 {[%emt 0:06:41]} 29. Nxc4 {[%emt 0:01:50]} Rxc4 1-0

[Event "22nd Ruzomberok Open 2019"]
[Site "Ruzomberok"]
[Date "2019.07.05"]
[Round "7.14"]
[White "Ambrozi, Peter"]
[Black "Palider, Pavol"]
[Result "1-0"]
[WhiteElo "1888"]
[BlackElo "2026"]
[Annotator "NA"]
[PlyCount "83"]
[EventDate "2019.06.29"]
[EventType "swiss"]
[EventCountry "SVK"]
[SourceTitle "playchess.com"]
[Source "ChessBase"]
[SourceQuality "1"]
[TimeControl "40/5400+30:1800+30"]

1. d4 {[%emt 0:00:00]} Nf6 {[%emt 0:00:00]} 2. Nf3 {[%emt 0:00:00]} d5 {[%emt 0:00:00]} 3. g3 {[%emt 0:00:19]} Bf5 {[%emt 0:00:25]} 4. Bg2 {[%emt 0:00:17]} e6 {[%emt 0:01:20]} 5. O-O {[%emt 0:00:49]} Bd6 {[%emt 0:00:16]} 6. c4 {[%emt 0:00:19]} c6 {[%emt 0:00:08]} 7. Nc3 {[%emt 0:00:28]} h6 {[%emt 0:00:10]} 8. Nd2 {[%emt 0:00:58]} O-O {[%emt 0:05:10]} 9. e4 {[%emt 0:01:11]} dxe4 {[%emt 0:00:31]} 10. Ndxe4 {[%emt 0:00:08]} Bc7 {[%emt 0:01:21]} 11. Be3 {[%emt 0:03:38]} Nbd7 {[%emt 0:00:26]} 12. h3 {[%emt 0:04:39]} Nxe4 {[%emt 0:01:30]} 13. Nxe4 {[%emt 0:00:11]} Bxe4 {[%emt 0:02:26]} 14. Bxe4 {[%emt 0:00:12]} f5 {[%emt 0:00:10]} 15. Bg2 {[%emt 0:03:24]} f4 {[%emt 0:00:29]} 16. gxf4 {[%emt 0:00:10]} Bxf4 {[%emt 0:00:18]} 17. Qg4 {[%emt 0:00:37]} e5 {[%emt 0:02:36]} 18. dxe5 {[%emt 0:04:26]} Bxe5 {[%emt 0:03:17]} 19. Qe6+ {[%emt 0:02:50]} Rf7 {[%emt 0:00:27]} 20. Rad1 {[%emt 0:03:38]} Qf6 {[%emt 0:00:34]} 21. Qxf6 {[%emt 0:01:13]} Nxf6 {[%emt 0:03:57]} 22. b3 {[%emt 0:01:19]} Raf8 {[%emt 0:03:49]} 23. Rd2 {[%emt 0:02:15]} Bb8 {[%emt 0:01:01]} 24. Rfd1 {[%emt 0:00:23]} Re8 {[%emt 0:00:54]} 25. Rd8 {[%emt 0:01:17]} Rff8 {[%emt 0:00:28]} 26. Rxe8 {[%emt 0:00:17]} Rxe8 {[%emt 0:00:13]} 27. b4 {[%emt 0:02:45]} Bc7 {[%emt 0:03:05]} 28. a4 {[%emt 0:01:02]} a5 {[%emt 0:01:27]} 29. b5 {[%emt 0:00:13]} cxb5 {[%emt 0:00:42]} 30. cxb5 {[%emt 0:01:06]} b6 {[%emt 0:03:08]} 31. Rc1 {[%emt 0:01:06]} Re7 {[%emt 0:00:51]} 32. Rc6 {[%emt 0:02:08]} Kf7 {[%emt 0:05:12]} 33. Kf1 {[%emt 0:00:40]} Ke8 {[%emt 0:03:06]} 34. Bxb6 {[%emt 0:00:48]} Bxb6 {[%emt 0:00:44]} 35. Rxb6 {[%emt 0:00:06]} Ne4 {[%emt 0:00:05]} 36. Rb8+ {[%emt 0:01:45]} Kf7 {[%emt 0:00:23]} 37. Ra8 {[%emt 0:00:23]} Nd2+ {[%emt 0:00:46]} 38. Kg1 {[%emt 0:00:07]} Re1+ {[%emt 0:02:29]} 39. Kh2 {[%emt 0:00:13]} Kf6 {[%emt 0:01:58]} 40. b6 {[%emt 0:00:42]} Nf1+ {[%emt 0:02:47]} 41. Bxf1 {[%emt 0:30:23]} Rxf1 {[%emt 0:30:06]} 42. b7 {[%emt 0:00:06]} 1-0

[Event "22nd Ruzomberok Open 2019"]
[Site "Ruzomberok"]
[Date "2019.07.05"]
[Round "7.15"]
[White "Viczencz, Peter"]
[Black "Karcol, Jan"]
[Result "1-0"]
[WhiteElo "2014"]
[BlackElo "1882"]
[Annotator "NA"]
[PlyCount "85"]
[EventDate "2019.06.29"]
[EventType "swiss"]
[EventCountry "SVK"]
[SourceTitle "playchess.com"]
[Source "ChessBase"]
[SourceQuality "1"]
[TimeControl "40/5400+30:1800+30"]

1. e4 {[%emt 0:00:00]} e5 {[%emt 0:00:00]} 2. Nf3 {[%emt 0:00:00]} Nc6 {[%emt 0:00:00]} 3. Bc4 {[%emt 0:00:00]} Nf6 {[%emt 0:01:50]} 4. O-O {[%emt 0:00:45]} Be7 {[%emt 0:00:40]} 5. Nc3 {[%emt 0:01:39]} d6 {[%emt 0:00:57]} 6. d4 {[%emt 0:00:42]} Bg4 {[%emt 0:01:18]} 7. Bb5 {[%emt 0:02:00]} O-O {[%emt 0:00:59]} 8. Bxc6 {[%emt 0:00:19]} bxc6 {[%emt 0:00:09]} 9. dxe5 {[%emt 0:00:10]} Bxf3 {[%emt 0:01:31]} 10. Qxf3 {[%emt 0:00:09]} dxe5 {[%emt 0:00:09]} 11. Rd1 {[%emt 0:03:06]} Qc8 {[%emt 0:00:48]} 12. Bg5 {[%emt 0:02:58]} Qe6 {[%emt 0:04:46]} 13. b3 {[%emt 0:04:15]} Rfd8 {[%emt 0:00:23]} 14. Ne2 {[%emt 0:03:16]} h6 {[%emt 0:03:34]} 15. Bh4 {[%emt 0:01:42]} Rd6 {[%emt 0:07:42]} 16. Rxd6 {[%emt 0:03:25]} cxd6 {[%emt 0:00:25]} 17. c4 {[%emt 0:00:10]} g5 {[%emt 0:02:29]} 18. Bg3 {[%emt 0:00:17]} h5 {[%emt 0:00:17]} 19. h4 {[%emt 0:01:15]} g4 {[%emt 0:02:41]} 20. Qe3 {[%emt 0:01:11]} Nh7 {[%emt 0:01:44]} 21. f4 {[%emt 0:03:07]} f6 {[%emt 0:03:39]} 22. f5 {[%emt 0:01:25]} Qf7 {[%emt 0:00:23]} 23. Bf2 {[%emt 0:00:55]} d5 {[%emt 0:03:02]} 24. cxd5 {[%emt 0:01:47]} cxd5 {[%emt 0:00:01]} 25. exd5 {[%emt 0:01:17]} Qxd5 {[%emt 0:00:19]} 26. Ng3 {[%emt 0:00:39]} a5 {[%emt 0:06:17]} 27. Nxh5 {[%emt 0:02:36]} a4 {[%emt 0:07:28]} 28. Qe2 {[%emt 0:02:29]} Kh8 {[%emt 0:00:29]} 29. Rd1 {[%emt 0:01:46]} Qc6 {[%emt 0:00:58]} 30. Qc4 {[%emt 0:03:37]} Qe8 {[%emt 0:02:58]} 31. Qxg4 {[%emt 0:00:28]} Qg8 {[%emt 0:02:53]} 32. Qxg8+ {[%emt 0:03:12]} Kxg8 {[%emt 0:00:01]} 33. Rd7 {[%emt 0:00:46]} axb3 {[%emt 0:01:55]} 34. axb3 {[%emt 0:00:11]} Kf8 {[%emt 0:02:06]} 35. b4 {[%emt 0:00:24]} Ke8 {[%emt 0:05:38]} 36. Rb7 {[%emt 0:00:15]} Nf8 {[%emt 0:15:04]} 37. Ng7+ {[%emt 0:00:13]} Kf7 {[%emt 0:00:02]} 38. Bc5 {[%emt 0:00:09]} Kxg7 {[%emt 0:00:20]} 39. Rxe7+ {[%emt 0:00:22]} Kg8 {[%emt 0:01:06]} 40. b5 {[%emt 0:00:38]} Rc8 {[%emt 0:03:01]} 41. Be3 {[%emt 0:30:14]} Rc3 {[%emt 0:30:26]} 42. Kf2 {[%emt 0:00:07]} Rd3 {[%emt 0:03:46]} 43. Rc7 {[%emt 0:01:37]} 1-0

[Event "22nd Ruzomberok Open 2019"]
[Site "Ruzomberok"]
[Date "2019.07.05"]
[Round "7.16"]
[White "Bakalar, Jan"]
[Black "Mikulec, Martin"]
[Result "1-0"]
[WhiteElo "1969"]
[BlackElo "1875"]
[Annotator "NA"]
[PlyCount "95"]
[EventDate "2019.06.29"]
[EventType "swiss"]
[EventCountry "SVK"]
[SourceTitle "playchess.com"]
[Source "ChessBase"]
[SourceQuality "1"]
[TimeControl "40/5400+30:1800+30"]

1. e4 c5 2. Nf3 d6 3. d4 cxd4 4. Nxd4 Nf6 5. Nc3 a6 6. h3 e6 7. g4 e5 8. Nde2 Be7 9. Bg2 h6 10. Ng3 Nc6 11. Be3 Be6 12. Nd5 Nd7 13. Nxe7 Nxe7 14. Qxd6 Rc8 15. c3 Rc6 16. Qd2 Qc7 17. O-O Rd6 18. Qc2 O-O 19. Nf5 Nxf5 20. exf5 Bd5 21. Bxd5 Rxd5 22. Rfd1 Nb6 23. f6 Rfd8 24. fxg7 Kxg7 25. b3 Nc8 26. c4 Rxd1+ 27. Rxd1 Ne7 28. Rxd8 Qxd8 29. Qd2 Qxd2 30. Bxd2 Kg6 31. f3 f5 32. Bc3 e4 33. Kf2 exf3 34. Kxf3 Kg5 35. gxf5 Kxf5 36. b4 Ng6 37. b5 axb5 38. cxb5 h5 39. a4 Nf4 40. a5 Nd5 41. a6 bxa6 42. bxa6 Nc7 43. a7 Ke6 44. Ba5 Na8 45. Kf4 Kd7 46. Kg5 Kc6 47. Kxh5 Kb7 48. Kg6 1-0

[Event "22nd Ruzomberok Open 2019"]
[Site "Ruzomberok"]
[Date "2019.07.05"]
[Round "7.17"]
[White "Jakab, Stefan"]
[Black "Koloditsova, Renata"]
[Result "0-1"]
[WhiteElo "1751"]
[BlackElo "1903"]
[Annotator "NA"]
[PlyCount "88"]
[EventDate "2019.06.29"]
[EventType "swiss"]
[EventCountry "SVK"]
[SourceTitle "playchess.com"]
[Source "ChessBase"]
[SourceQuality "1"]
[TimeControl "40/5400+30:1800+30"]

1. e4 {[%emt 0:00:00]} e6 {[%emt 0:00:00]} 2. d4 {[%emt 0:00:00]} d5 {[%emt 0:00:00]} 3. exd5 {[%emt 0:00:00]} exd5 {[%emt 0:00:00]} 4. Bd3 {[%emt 0:00:00]} Bd6 {[%emt 0:00:32]} 5. Nf3 {[%emt 0:00:31]} Nf6 {[%emt 0:00:15]} 6. Bg5 {[%emt 0:00:57]} O-O {[%emt 0:00:20]} 7. O-O {[%emt 0:00:07]} Bg4 {[%emt 0:00:18]} 8. Nbd2 {[%emt 0:02:22]} Nbd7 {[%emt 0:01:42]} 9. c3 {[%emt 0:00:26]} c6 {[%emt 0:00:10]} 10. Qc2 {[%emt 0:00:13]} Qc7 {[%emt 0:00:08]} 11. Rfe1 {[%emt 0:07:13]} Rfe8 {[%emt 0:00:24]} 12. Bf5 {[%emt 0:03:13]} h6 {[%emt 0:09:21]} 13. Bh4 {[%emt 0:03:06]} Qb6 {[%emt 0:05:28]} 14. Bxg4 {[%emt 0:03:20]} Nxg4 {[%emt 0:00:12]} 15. h3 {[%emt 0:00:48]} Ngf6 {[%emt 0:00:24]} 16. Bxf6 {[%emt 0:00:13]} Nxf6 {[%emt 0:00:07]} 17. Rxe8+ {[%emt 0:06:44]} Rxe8 {[%emt 0:00:24]} 18. Re1 {[%emt 0:00:06]} Rxe1+ {[%emt 0:02:13]} 19. Nxe1 {[%emt 0:00:43]} Qa6 {[%emt 0:01:00]} 20. Nd3 {[%emt 0:15:02]} Qxa2 {[%emt 0:00:48]} 21. g3 {[%emt 0:00:43]} a5 {[%emt 0:03:10]} 22. c4 {[%emt 0:06:31]} dxc4 {[%emt 0:05:50]} 23. Nxc4 {[%emt 0:00:12]} Bf8 {[%emt 0:00:57]} 24. f3 {[%emt 0:07:06]} Nd5 {[%emt 0:01:01]} 25. Nde5 {[%emt 0:03:17]} Qa1+ {[%emt 0:08:46]} 26. Kf2 {[%emt 0:04:45]} a4 {[%emt 0:28:09]} 27. Qf5 {[%emt 0:01:05]} Nf6 {[%emt 0:02:00]} 28. Qc8 {[%emt 0:01:27]} b5 {[%emt 0:00:57]} 29. Qc7 {[%emt 0:01:20]} Qb1 {[%emt 0:20:29]} 30. Qxf7+ {[%emt 0:03:59]} Kh7 {[%emt 0:00:39]} 31. Qxf8 {[%emt 0:02:04]} bxc4 {[%emt 0:00:13]} 32. Nf7 {[%emt 0:00:51]} Qxb2+ {[%emt 0:01:26]} 33. Kf1 {[%emt 0:00:07]} Qc1+ {[%emt 0:01:31]} 34. Kg2 {[%emt 0:00:31]} Qd2+ {[%emt 0:00:27]} 35. Kf1 {[%emt 0:00:03]} Qd3+ {[%emt 0:00:21]} 36. Kg2 {[%emt 0:00:06]} Qe2+ {[%emt 0:00:56]} 37. Kg1 {[%emt 0:00:13]} Qe3+ {[%emt 0:00:44]} 38. Kg2 {[%emt 0:00:02]} Qd2+ {[%emt 0:00:17]} 39. Kf1 {[%emt 0:00:22]} Qd1+ {[%emt 0:02:04]} 40. Kg2 {[%emt 0:00:28]} Qc2+ {[%emt 0:01:41]} 41. Kf1 {[%emt 0:30:32]} Ng8 {[%emt 0:32:59]} 42. Qc5 {[%emt 0:02:49]} Qd3+ {[%emt 0:01:26]} 43. Kg2 {[%emt 0:00:51]} c3 {[%emt 0:00:00]} 44. Ne5 {[%emt 0:00:00]} Qd2+ {[%emt 0:00:00]} 0-1